[Event "SVK-ch U12"]
[Site "Liptovsky Mikulas"]
[Date "2019.04.25"]
[Round "4"]
[White "Balusik, Branislav"]
[Black "Alusik, Richard"]
[Result "1-0"]
[WhiteElo "1134"]
[BlackElo "1059"]
[PlyCount "118"]
[EventDate "2019.04.23"]
[EventType "swiss"]
[EventRounds "9"]
[EventCountry "SVK"]
[SourceTitle "CBM 190 Extra"]
[Source "ChessBase"]
[SourceDate "2019.07.15"]
[SourceVersion "1"]
[SourceVersionDate "2019.07.15"]
[SourceQuality "1"]

1. e4 e5 2. Nf3 Nf6 3. Nc3 Bb4 4. d3 0-0 5. Bd2 d5 6. Nxe5 Bxc3 7. Bxc3 dxe4 8. dxe4 Nxe4 9. Bd3 Nxc3 10. bxc3 Re8 11. Qh5 g6 12. Qe2 f6 13. Bc4+ Kg7 14. 0-0 Rxe5 15. Rfd1 Bd7 16. Qf3 Nc6 17. Qd3 Bf5 18. Qf3 Qe7 19. Bd3 Rd8 20. Bxf5 Rxf5 21. Qg4 Rxd1+ 22. Rxd1 Ne5 23. Qe4 Nc6 24. Qxe7+ Nxe7 25. Rd7 Kf7 26. Rxc7 Re5 27. h3 Re1+ 28. Kh2 Rb1 29. g4 Ke8 30. f3 Kd8 31. Rc4 Rb2 32. Ra4 Rxc2+ 33. Kg3 Nc6 34. Ra3 b5 35. h4 Ke7 36. h5 gxh5 37. gxh5 Ke6 38. Kf4 b4 39. cxb4 Nxb4 40. Rxa7 Nxa2 41. Rxh7 Rc4+ 42. Kg3 Kf5 43. Rg7 Rc8 44. Kh4 Rh8 45. Rf7 Rh6 46. Rg7 Kf4 47. Rg6 Rh7 48. Rxf6+ Ke5 49. Kg5 Nc3 50. Kg6 Rh8 51. h6 Nd5 52. Rf5+ Ke6 53. Rxd5 Kxd5 54. Kg7 Rxh6 55. Kxh6 Kd4 56. f4 Ke4 57. Kg5 Kd5 58. Kg6 Ke6 59. f5+ Ke7 1-0